Statistiken für FC Bayern Triplekader

Klicken Sie hier um das Quiz zu spielen!

Allgemein

  • Dieses Quiz wurde 445 mal gespielt
    (428 seit der letzten Aktualisierung)
  • Das Durchschnittsergebnis liegt bei 14 aus 28

Antwortstatistiken

RückennummerSpieler (Vor- und Zuname)% Korrekt
1Manuel Neuer
100%
17Jerome Boateng
89%
10Arjen Robben
87%
7Franck Ribery
87%
25Thomas Müller
85%
31Bastian Schweinsteiger
83%
27David Alaba
80%
9Mario Mandzukic
76%
33Mario Gomez
71%
8Javi Martinez
70%
4Dante
67%
39Toni Kroos
66%
5Daniel Van Buyten
52%
21Philipp Lahm
48%
22Tom Starke
48%
13Rafinha
42%
28Holger Badstuber
41%
11Xherdan Shaqiri
41%
14Claudio Pizarro
39%
26Diego Contento
37%
30Luiz Gustavo
33%
44Anatoliy Tymoshchuk
23%
36Emre Can
17%
32Lukas Raeder
15%
34Pierre-Emile Hojbjerg
14%
20Patrick Weihrauch
12%
24Maximilian Riedmüller
11%
40Vladimir Rankovic
6%

Verteilung der Resultate

Perzentil nach korrekt beantworteten Fragen

Anzahl Personen mit jedem Resultat

Ihre Resultats-Entwicklung

Sie haben dieses Quiz seit der letzten Aktualisierung nicht gespielt